000 00841nas a2200253 4500
001 BR0304382
003 BR-BrBNA
005 20231205104028.0
007 ta
008 230509b bl.|||p| |||| 00| 00por d
040 _aBR-BrBNA
_bpor
_cBiblioteca Nacional de Agricultura
041 _a(En)
072 _aL72
100 1 _aSilva, R.J.
100 1 _aKohlsdorf, T.
245 1 _aTropidurus hispidus Spix 1825 (Sauria, Tropiduridae): a new host for Oswaldofilaria petersi Bain Sulahian 1974 (Nematoda, Onchocercidae)
650 _aLAGARTO
650 _aHOSPEDEIRO
650 _aNEMATÓIDE
650 _aPRAGA DE ANIMAL
773 0 _tArquivo Brasileiro de Medicina Veterinária e Zootecnia (Brazil)
_xISSN 0102-0935
_g(Jun 2003), v. 55(3) p. 377-379
_wBR0304382
909 _a202311
_bLúcia
_c55
_dLúcia Elande
942 _2AGRIS
_n0
_cANA
999 _c176009
_d176009